000 00664nam a2200193Ia 4500
003 GCL
008 140319s9999 xx 000 0 ara d
040 _aGCL /
_cGCL
082 0 4 _a214
_bم ن
100 1 _aموفق زريق
245 1 0 _aنهضة ام تغريب: قراءة ثقافية - سياسية لاتجاهات مرحلة النهضة من منظور الهوية /
_cموفق زريق
300 _a206 ص
490 _aالهيئة العامة للاستعلامات
_v0
650 0 4 _aالاسلام
650 0 4 _aالثقافة الاسلامية
650 0 4 _aالعلمانية
650 0 4 _aالعلمانية, تركيا
942 _2ddc
_cBK
999 _c49355
_d49355